| 000 | 00400nam a22001337a 4500 | ||
|---|---|---|---|
| 082 |
_a610.727 _bNAV |
||
| 100 |
_aNaveed, Abdul Khaliq _9114171 |
||
| 245 |
_aExperimental Biochemistry Manual: For M.B.B.S 2nd Year & B.D.S / _cAbdul Khaliq Naveed |
||
| 250 | _a5th Edition. | ||
| 260 |
_aRawalpindi : _bPrince Books, _c2019. |
||
| 300 |
_a53 p. ; _bill, _c28 cm. |
||
| 563 | _aPBK. | ||
| 942 |
_2ddc _cBK |
||
| 999 |
_c595580 _d595580 |
||